Le Burkina Faso pour les touristes... - Facile - Statistiques

Statistiques générales
  • Ce quiz a été pris 18 fois
  • Le résultat moyen est 10 sur 20
Statistiques - réponses
Question Indice Réponses Indice facile % Correct
Quelle est la langue officielle ? Français
94%
Ce pays est plus grand que la France (oui/non) Non
82%
Dans la capitale quel est le décalage horaire avec Paris ? (+ ou - et chiffre) ex - 10 ou + 3,5 - 2
76%
Quel pays a accordé son indépendance à celui-ci ? France
76%
Achats à faire 3/ Beurre de karité ETIRAK
71%
Le principal aéroport est O Ouagadougou
71%
Quel est le climat local ? T Tropical
71%
Code sur les plaques minéralogiques BF
65%
Le suffixe internet est bf
65%
Quelle est la monnaie ? Franc CFA F
65%
La religion majoritaire est Islam I
65%
Achats à faire 5/ Type d'arbre en bronze Baobab BOAABB
53%
Quel est le régime du pays ? R République
47%
Quelles sont les principaux lieux touristiques ? B Oasis de {Banfora} FORBANA
41%
Quelles sont les principaux lieux touristiques ? B Village de {Bani} BAIN
29%
Quelles sont les principaux lieux touristiques ? S Pics de {Sindou} INDUSO
18%
Quelles sont les principaux lieux touristiques ? T Concession royale de {Tiébélé} LITEEBE
12%
Achats à faire 4/ Collier en... Cauries SUCERAI
6%
Achats à faire 1/ Tissu teinté à l' KilimIndigo INDIGOIIKLM
6%
Achats à faire 2/ Miel de Koliai Gourma AIGUAILKMOOR
6%
Aucun quiz correspondant
Distribution des résultats
% des personnes avec chaque résultat
Percentile par nombre de réponses
Votre historique - résultats
Vous n’avez pas pris ce quiz